00285 a2200097 4500001000900000005001700009008004100026245003700067100002000104773006300124ART_714220260410161700.0260409a 10aNotas sobre variedades de crisis1 aHeymann, Daniel0 tEnsayos Económicosg- Nº 53/54 (ene./jun. 2009)wREV620